| 000 | 00645nam a22002057a 4500 | ||
|---|---|---|---|
| 999 |
_c60733 _d60733 |
||
| 003 | OSt | ||
| 005 | 20240530110425.0 | ||
| 008 | 150322s2009 -hkapo f b 001 0 eng d | ||
| 020 | _a9783836510592 | ||
| 040 |
_aEG-CaGPL _cEG-CaGPL |
||
| 082 | 0 | 4 |
_221 _a723.3\ _bS I |
| 100 | 1 | _aStierlin, Henri. | |
| 245 | 1 | 0 |
_aIslam : _bFrom Baghdad to Cordoba : Early Architecture from the 7th to the 13th Century / _cHenri Stierlin; Anne Stierlin. |
| 260 |
_aHong Kong: _bTaschen, _cc2009. |
||
| 300 |
_a224 p.: _bill.(color); _c31 cm. |
||
| 650 | 0 | _aIslamic architecture. | |
| 650 | 0 | _aArchitecture, Medieval. | |
| 700 | 1 | _aStierlin, Anne. | |
| 942 |
_2ddc _cBK |
||